000
00327nam a2200133Ia 4500
005
20251222152016.0
008
251222s9999||||xx |||||||||||||| ||spa||
082
_a
303.625.85/A36
100
_a
Albarracín Chávez, Jorge
245
0
_a
En honor a la verdad
250
_a
1ra.ed.
264
_b
Ejercito del Perú
942
_c
LIB
999
_c
25112
_d
25112